LIBRARY & INFORMATION CENTRE, KCAET, TAVANUR

ONLINE PUBLIC ACCESS CATALOGUE (OPAC)

Normal view MARC view
  • Scalf, Marian R.

Entry Personal Name

Number of records used in: 1

001 - CONTROL NUMBER

  • control field: 1625

003 - CONTROL NUMBER IDENTIFIER

  • control field: OSt

005 - DATE AND TIME OF LATEST TRANSACTION

  • control field: 20161001152929.0

008 - FIXED-LENGTH DATA ELEMENTS

  • fixed length control field: 161001|| aca||aabn | a|a d

040 ## - CATALOGING SOURCE

  • Original cataloging agency: OSt
  • Transcribing agency: OSt

100 ## - HEADING--PERSONAL NAME

  • Personal name: Scalf, Marian R.

670 ## - SOURCE DATA FOUND

  • Source citation: Work cat.: (OSt)5538: Scalf, Marian R., Manual of Ground Water Quality Sampling Procedures / , 1987.
free website counter